Vista normal Vista MARC

Entrada Materia (personas)

Número de registros utilizados en: 1

001 - CONTROL NUMBER

  • control field: 101688

003 - CONTROL NUMBER IDENTIFIER

  • control field: Co-BoUCM

005 - DATE AND TIME OF LATEST TRANSACTION

  • control field: 20201123061514.0

008 - FIXED-LENGTH DATA ELEMENTS

  • fixed length control field: 201123|| aca||aabn | a|a d

040 ## - CATALOGING SOURCE

  • Original cataloging agency: Co-BoUCM
  • Transcribing agency: Co-BoUCM

100 ## - HEADING--PERSONAL NAME

  • Personal name: Asclepiodoto
  • Dates associated with a name: el Filósofo

670 ## - SOURCE DATA FOUND

  • Source citation: Work cat.: (Co-BoUCM): Eneas, el Táctico‏ 101687, Aeneas Tacticus, Asclepiodotus, Onasander. , 1928